Primitive ritual and belief : an anthropological essay (Record no. 487080)

MARC details
000 -LEADER
fixed length control field 00562nam a2200193Ia 4500
008 - FIXED-LENGTH DATA ELEMENTS--GENERAL INFORMATION
fixed length control field 210417s9999 xx 000 0 und d
020 ## - INTERNATIONAL STANDARD BOOK NUMBER
International Standard Book Number 9781138194588
-- 1138194581
082 ## - DEWEY DECIMAL CLASSIFICATION NUMBER
Classification number 299.9215 JAM
Item number 22.299.9215 JAM
245 #0 - TITLE STATEMENT
Title Primitive ritual and belief : an anthropological essay
Statement of responsibility, etc. Primitive ritual and belief an anthropological essay
250 ## - EDITION STATEMENT
Remainder of edition statement "xv, 243p. ;23cm, hbk"
260 ## - PUBLICATION, DISTRIBUTION, ETC.
Place of publication, distribution, etc. London
Name of publisher, distributor, etc. "Methuen and company, limited"
Date of publication, distribution, etc. 2016
700 ## - ADDED ENTRY--PERSONAL NAME
Personal name "James, Edwin Oliver"
Numeration E.O James
Holdings
Withdrawn status Lost status Source of classification or shelving scheme Damaged status Not for loan Home library Current library Shelving location Date acquired Total Checkouts Full call number Barcode Date last seen Price effective from Koha item type
    Dewey Decimal Classification     Anna Centenary Library Anna Centenary Library 3RD FLOOR, B WING 17.04.2021   299.9215 JAM 607304 17.04.2021 17.04.2021 English Books

Find us on the map